000 00403nam a2200157Ia 4500
003 GCL
008 140319s9999 xx 000 0 eng d
040 _aGCL /
_cGCL
082 0 4 _a862.08
_bG A
100 1 _aGALDOS, BENITO PEREZ
245 1 0 _aTRISTANA /
_cGALDOS, BENITO PEREZ
260 _a[S.N] :
_bEL LIBRO DE BOLSILLO ،
_c1986
300 _a183
650 0 4 _aSPANISH LITERATURE
942 _2ddc
_cBK
999 _c10537
_d10537